Trudne początki społeczności Ząbkowic Śląskich i Powiatu Ząbkowickiego - procesy adaptacyjne (1945-1947)
| Titel: | Trudne początki społeczności Ząbkowic Śląskich i Powiatu Ząbkowickiego - procesy adaptacyjne (1945-1947) |
|---|---|
| Verfasser: | |
| In: |
Litteraria, Band 33 (2002), Seite 158-184 alle Artikel anzeigen |
| Veröffentlicht: | 2002 |
| Format: | Aufsatz |
| Sprache: | Polnisch |
X
alg: 39447831 001A $01999:12-11-16 001B $01999:08-04-21 $t21:10:19.000 001C $06050:19-11-16 $t08:56:43.000 001D $01999:12-11-16 001U $0utf8 001X $00 002@ $0Aox 003@ $0394478312 007A $0394478312 $aHEB 007T $0Herdww022278 010@ $apol 011@ $a2002 021A $aTrudne początki społeczności Ząbkowic Śląskich i Powiatu Ząbkowickiego - procesy adaptacyjne (1945-1947) 027A $aSchwierige Anfänge der Gemeinschaft von Frankenstein und des Kreises Frankenstein - Anpassungsprozesse (1945-1947) 028A $aBlicharska $dBeata 031A $d33 $h158-184 $j2002 039B $aIn $8--Abvc--. Litteraria. - Wrocław : Wydawn. WTN, 1969-. - ISSN 0084-3008 $x200200000330000842 $9047344253 045F $a900.943850904 $eDDC23BSB 045F/01 $a900 045F/03 $f0904 045F/03 $g4385 045T $aAVL $qDE-30 $2FID 045T $a7,39 $a7,12 046C $aSchwierige Anfänge der Gemeinschaft von Frankenstein und des Kreises Frankenstein - Anpassungsprozesse (1945-1947) $bÜbers. des Hauptsacht. lok: 39447831 78 exp: 39447831 78 1 #EPN 201B/01 $013-02-19 $t23:04:56.000 201U/01 $0utf8 203@/01 $0790588722 208@/01 $a12-11-16 $be 209A/01 $a/ $f000 $x00 220C/01 $aTitelaufnehmer: AH 220C/01 $aHerkunft: IH PAN/PBB Kraków;IH UWr 220C/01 $aAnmerkung: 33, 2002 s. 158-184 244Z/01 $2Trx $#Silesia $#Śląsk $#Sliezsko $#Slezsko $8--Trx--Schlesien $x01 $9391173987 244Z/01 $#Landkreis Ząbkowicki $#Ząbkowice Śląskie powiat $#Frankenstein in Schlesien Kreis $71104765489 $8--Tg1--Powiat Ząbkowicki $x02 $938198477X 244Z/01 $2Trx $#Peterwitz Frankenstein $8--Trx--Stoszowice$gZąbkowice Śląskie $x03 $9391270834 244Z/01 $#Kamieniec Ząbkowicki $#Kamenz Frankenstein, Schlesien $#Kamenz in Niederschlesien $#Camenz in Schlesien $74440371-9 $8--Tg1--Kamieniec Zabkowicki $x04 $9088770710 244Z/01 $#Silberberg Frankenstein $#Srebrna Góra $#Srebrna Góra Ząbkowice Śląskie $74551979-1 $8--Tg1--Silberberg$gEulengebirge $x05 $9089491009 244Z/01 $aGeschichte 1945-1947 $x06 244Z/01 $2Trx $8--Trx--Korownikow, Iwan $x07 $9390759228 244Z/01 $2Trx $8--Trx--Mącznik, Stanisław $x08 $939055569X 244Z/01 $2Trx $8--Trx--Lewicki, Mieczysław $x09 $9390552771 244Z/01 $2Trx $8--Trx--Bochnowicz, Mikołaj $x10 $9390762687 244Z/01 $2Trx $8--Trx--Bochnowicz, Józefa $x11 $9390532177 244Z/01 $2Trx $8--Trx--Kuczkowska, Helena $x12 $9390832499 244Z/01 $2Trx $#ülevaated kohad $#vietovės bendras $#overview cities $#ábrázolások, átfogó helyek $#miejscowości poszczególne $#dejiny miestne $#dějiny místní $#Ortsgeschichte $#Städte $#Orte $#miasta $#miestne dejiny $8--Trx--Darstellungen, übergreifende$gOrte $x13 $9391384228 244Z/01 $2Trx $8--Trx--Zeitschriftenaufsatz $x14 $9391384341 245Z/01 $a13.02 $x01 245Z/01 $a06.04.04 $x02 247C/01 $82080>Marburg/Lahn, Herder-Institut, Forschungsbibliothek, Bibliographieportal $9336309341
| LEADER | 00000caa a22000002c 4500 | ||
|---|---|---|---|
| 001 | 394478312 | ||
| 003 | DE-603 | ||
| 005 | 20210408211019.0 | ||
| 007 | tu | ||
| 008 | 161112s2002 xx |||| | u00||u|pol c | ||
| 035 | |a (DE-599)HEB394478312 | ||
| 040 | |a DE-603 |b ger |c DE-603 |d DE-603 | ||
| 041 | |a pol | ||
| 082 | 0 | 4 | |8 1\u |a 900.943850904 |q DE-101 |2 23/BSB |
| 084 | |a AVL |q DE-30 |2 fid | ||
| 084 | |a 7,39 |a 7,12 |2 ssgn | ||
| 085 | |8 1\u |b 900 | ||
| 085 | |8 1\u |z 1 |s 0904 | ||
| 085 | |8 1\u |z 2 |s 4385 | ||
| 100 | 1 | |a Blicharska, Beata | |
| 245 | 0 | 0 | |a Trudne początki społeczności Ząbkowic Śląskich i Powiatu Ząbkowickiego - procesy adaptacyjne (1945-1947) |
| 246 | 1 | |i Übers. des Hauptsacht. |a Schwierige Anfänge der Gemeinschaft von Frankenstein und des Kreises Frankenstein - Anpassungsprozesse (1945-1947) | |
| 246 | 1 | 3 | |a Schwierige Anfänge der Gemeinschaft von Frankenstein und des Kreises Frankenstein - Anpassungsprozesse (1945-1947) |
| 264 | 0 | |c 2002 | |
| 773 | 0 | 8 | |i In |t Litteraria |d Wrocław : Wydawn. WTN, 1969- |x 0084-3008 |g Band 33 (2002), Seite 158-184 |w (DE-603)047344253 |w (DE-600)216021-3 |
| 924 | 0 | |9 2080 |a (DE-603)790588722 |b DE-2080 |c HES |d d |g / | |


